Textbook on human rights: law and practice / (Record no. 143581)

MARC details
000 -LEADER
fixed length control field 00784nam a22002057a 4500
005 - DATE AND TIME OF LATEST TRANSACTION
control field 20170821105354.0
020 ## - INTERNATIONAL STANDARD BOOK NUMBER
Terms of availability 250.00
International Standard Book Number 9789351437383
035 ## - SYSTEM CONTROL NUMBER
System control number B-667834
037 ## - SOURCE OF ACQUISITION
Source of stock number/acquisition RHSP/Ven
Stock number dpl
082 ## - DEWEY DECIMAL CLASSIFICATION NUMBER
Classification number 342.085
100 ## - MAIN ENTRY--PERSONAL NAME
Personal name Jain, Rashee
245 ## - TITLE STATEMENT
Title Textbook on human rights: law and practice /
Statement of responsibility, etc by Rashee Jain
250 ## - EDITION STATEMENT
Edition statement 3rd ed
260 ## - PUBLICATION, DISTRIBUTION, ETC. (IMPRINT)
Place of publication, distribution, etc Delhi
Name of publisher, distributor, etc Universal Law Publishing
Date of publication, distribution, etc 2016
270 ## - ADDRESS
Address A-58, G.T. Karnal Road Industrial Area,
City Delhi
Postal code 110033
300 ## - PHYSICAL DESCRIPTION
Extent 203p.
Dimensions 24cm(pbk)
500 ## - GENERAL NOTE
General note Includes bibliographical references
942 ## - ADDED ENTRY ELEMENTS (KOHA)
Source of classification or shelving scheme Dewey Decimal Classification
Item type English Books
Classification part 342.085
Call number suffix JAI
Holdings
Withdrawn status Lost status Not for loan Collection code Home library Current library Date acquired Source of acquisition Cost, normal purchase price Full call number Barcode Copy number Cost, replacement price Koha item type
      Non-fiction Ashok Vihar Ashok Vihar 21/08/2017 BPPD/EN/2015-16/AV/2016-17/406/15.2.2017/1802/17/2.3.2017/ 18.3.2017 250.00 342.085 JAI B-667834 1 250.00 English Books

© Delhi Public Library
Hit Counter
free hit counter